Szkielet - Statystyki

Ogólne statystyki
  • Ten quiz został rozwiązany 48 razy
  • Średni wynik to 42 z 123
Statystyki odpowiedzi
Kręgosłup % Poprawnych
Mostek
88%
Żebro 1.
82%
Żebro 10.
82%
Żebro 11.
82%
Żebro 12.
82%
Żebro 2.
82%
Żebro 3.
82%
Żebro 4.
82%
Żebro 5.
82%
Żebro 6.
82%
Żebro 7.
82%
Żebro 8.
82%
Żebro 9.
82%
Kość udowa
73%
Kość piszczelowa
67%
Kość ramienna
67%
Łopatka
67%
Obojczyk
67%
Kość łokciowa
64%
Kość skroniowa
64%
Kość czołowa
61%
Kość krzyżowa
61%
Kość potyliczna
61%
Kość strzałkowa
61%
Kość promieniowa
58%
Kość jarzmowa
52%
Kość klinowa
52%
Kość szczękowa
52%
Kość nosowa
48%
Żuchwa
48%
Rzepka
45%
Kręg szyjny 3.
42%
Kość ciemieniowa
42%
Kość łonowa
42%
Kręg szyjny 4.
42%
Kręg szyjny 5.
42%
Kręg szyjny 6.
42%
Dźwigacz
39%
Kość biodrowa
39%
Kość guziczna
39%
Kręg lędźwiowy 1.
39%
Kręg lędźwiowy 2.
39%
Kręg lędźwiowy 3.
39%
Kręg lędźwiowy 4.
39%
Kręg lędźwiowy 5.
39%
Kręg piersiowy 1.
39%
Kręg piersiowy 10.
39%
Kręg piersiowy 2.
39%
Kręg piersiowy 3.
39%
Kręg piersiowy 4.
39%
Kręg piersiowy 5.
39%
Kręg piersiowy 6.
39%
Kręg piersiowy 7.
39%
Kręg piersiowy 8.
39%
Kręg piersiowy 9.
39%
Kowadełko
36%
Kręg piersiowy 12.
36%
Młoteczek
36%
Obrotnik
36%
Kość kulszowa
33%
Kość łzowa
30%
Kość sitowa
30%
Kość śródstopia 1.
30%
Kość śródstopia 2.
30%
Kość śródstopia 3.
30%
Kość śródstopia 4.
30%
Kość śródstopia 5.
30%
Kość łódeczkowata
27%
Kość śródręcza 1.
27%
Kość śródręcza 2.
27%
Kość śródręcza 3.
27%
Kość śródręcza 4.
27%
Kość śródręcza 5.
27%
Kość gnykowa
24%
Strzemiączko
24%
Kość księżycowata
21%
Kość trójgraniasta
21%
Kość główkowata
18%
Kość grochowata
18%
Kość haczykowata
18%
Kość piętowa
18%
Kość skokowa
18%
Kość czworoboczna mniejsza
15%
Kość łódkowata
15%
Kość sześcienna
15%
Paliczek bliższy kciuka
15%
Paliczek dalszy kciuka
15%
Kość podniebienna
12%
Paliczek bliższy palca 2. ręki
12%
Paliczek bliższy palca 2. stopy
12%
Paliczek bliższy palca 3. ręki
12%
Paliczek bliższy palca 3. stopy
12%
Paliczek bliższy palca 4. ręki
12%
Paliczek bliższy palca 4. stopy
12%
Paliczek bliższy palca 5. ręki
12%
Paliczek bliższy palca 5. stopy
12%
Kość czworoboczna większa
9%
Kręg wystający
9%
Lemiesz
9%
Paliczek bliższy palucha
9%
Paliczek dalszy palca 2. ręki
9%
Paliczek dalszy palca 2. stopy
9%
Paliczek dalszy palca 3. ręki
9%
Paliczek dalszy palca 3. stopy
9%
Paliczek dalszy palca 4. ręki
9%
Paliczek dalszy palca 4. stopy
9%
Paliczek dalszy palca 5. ręki
9%
Paliczek dalszy palca 5. stopy
9%
Paliczek dalszy palucha
9%
Paliczek środkowy palca 2. ręki
9%
Paliczek środkowy palca 2. stopy
9%
Paliczek środkowy palca 3. ręki
9%
Paliczek środkowy palca 3. stopy
9%
Paliczek środkowy palca 4. ręki
9%
Paliczek środkowy palca 4. stopy
9%
Paliczek środkowy palca 5. ręki
9%
Paliczek środkowy palca 5. stopy
9%
Kość klinowata boczna
6%
Kość klinowata pośrednia
6%
Kość klinowata przyśrodkowa
6%
Trzeszczki
3%
Kręg przeciwpochyły
0%
Małżowina nosowa dolna
0%
Nie znaleziono quizów pasujących do podanych kryteriów
Rozkład punktacji
Procent ludzi z każdym wynikiem
Percentyl według liczby udzielonych odpowiedzi
Twoja historia wyników
Nie rozwiązałeś tego quizu